Pierwiastki chemiczne - Lantanowce i Aktynowce - Statystyki

Ogólne statystyki
  • Ten quiz został rozwiązany 116 razy
    102 od ostatniego zresetowania
  • Średni wynik to 22 z 30
Statystyki odpowiedzi
Hint Odpowiedź % Poprawnych
La lantan
95%
Eu europ
92%
U uran
86%
Ac aktyn
84%
Am ameryk
83%
Es einstein
83%
Np neptun
83%
Pu pluton
81%
Th tor
81%
Nd neodym
79%
Ce cer
76%
Gd gadolin
76%
No nobel
76%
Lr lorens
75%
Cm kiur
73%
Lu lutet
73%
Pr prazeodym
73%
Ho holm
70%
Yb iterb
70%
Sm samar
70%
Cf kaliforn
68%
Tb terb
68%
Md mendelew
67%
Pm promet
67%
Bk berkel
65%
Er erb
65%
Fm ferm
63%
Tm tul
54%
Dy dysproz
52%
Pa proaktyn
40%
Nie znaleziono quizów pasujących do podanych kryteriów
Rozkład punktacji
Procent ludzi z każdym wynikiem
Percentyl według liczby udzielonych odpowiedzi
Twoja historia wyników
Nie rozwiązałeś tego quizu od ostatniego zresetowania